00487nam a22001337a 4500008004100000020001500041050002200056245016700078260003000245300002200275440002400297700001700321700001500338140901b xxu||||| |||| 00| 0 eng d a0406096554 aKD275.4.L39(1989) aThe Law Reports, Appeal Cases(1989): House of Lords and Judicial Committee of the Privy Council and Peerage Cases. /cedited by Carol Ellis and assisted Alan Bray aLondon:bI.C.L.R.,c1989. aix, 1305p.c24cm. pAppeal cases, 1989. aEllis, Carol aBray, Alan